000 01156cab a2200337 4500
001 ABS48505
008 090401t1993 xxu||||| |||| 00| 0 eng d
035 _a(Sirsi) u67143
041 _aeng
100 _aBehrens, J.
245 _aNegligent valuations
260 _c1993
350 _a0
490 _aSolicitors` Journal
_v137(14) 16 April 1993, 354-355; 137(14) 23 April 1
520 _aTwo articles on the measure of damages for negligent valuations. The first discusses case law; the second takes issue with Jackson and Powell on Professional Negligence commentary on `the usual measure of loss`.
650 _aBAXTER V FW GAPP & CO LTD
650 _aCORISAND INVESTMENTS LTD V DRUCE
650 _aDAMAGES
650 _aDUTY OF CARE
650 _aLONDON AND SOUTH OF ENGLAND BUILDING SOCIETY V STONE
650 _aMEASURE OF DAMAGES
650 _aNEGLIGENCE
650 _aRATE OF INTEREST
650 _aSWINGCASTLE V ALASTAIR GIBSON
650 _aVALUATIONS
650 _aVALUERS
690 _aMANAGEMENT-BUSINESS MANAGEMENT-PROFESSIONAL PRACTICE
690 _aRATING AND VALUATION
942 _n0
948 _c04/03/1997
999 _c42012
_d42012